Quizzes
Events
Quiz Creation
Community
Videos
Private Events
Remove Ads
Sign In
Join for FREE
Feedback
Dark Mode
Quiz Categories
Sports
Geography
Music
Movies
Television
Just For Fun
Miscellaneous
History
Literature
Language
Science
Gaming
Entertainment
Religion
Holiday
For Kids
Quiz Lab
Recent
Popular Today
Quiz Kudos Today
Editor Picks
Curator Picks
Quizzes by...
Day
Popularity
Type
Ratings
Length
Year
Community
Subscriptions
Recent Discussions
Orange Saloon
Badges
Playlists
Quests
Create
Leaderboards
Showdown
Live 5
Trivia Bingo
Activity
Puzzle Library
Sporcle Events
Private Events
Virtual Trivia
Globe League
Become a Host
Pub Owners
SporcleCon
Opinionation
Our Games
Videos
Blog
Mobile Apps
Partnerships
Remove Ads and Go Orange
Feedback
Science
Computer
Plants
Astronomy
Chemistry
Elements
Math
Animal
Physics
Anatomy
Biology
Geology
General Science
Science
Computer
Plants
Astronomy
Chemistry
Elements
Math
Animal
Physics
Anatomy
Biology
Geology
General Science
Random Quiz
Search Sporcle
×
Editor Pick
Editor Pick
Science
unit
Type in answers that appear in a list
Type in answers that appear in a list
Classic
Best Score? Go Orange.
Numerical Conversions Stats
Can you name the Numerical Conversions?
By
Speenatch
3m
26 Questions
1,795 Plays
1,795 Plays
1,795 Plays
Comments
Comments
Give Quiz Kudos
Give Quiz Kudos
-
- Ratings
hide this ad
Forced Order
Answers have to be entered in order
Answers have to be entered in order
Random Order
Randomize order of answers
Randomize order of answers
Replay
Link that replays current quiz
Next Quiz
Link to next quiz in quiz playlist
You Got
0%
They Got
Avg Score
56%
Avg Friend Score
Upgrade to see
Score Distribution
Jump to the score distribution portion of the page
Score
0/26
Timer
03:00
0
Plays Today
Measurement
Unit
% Correct
Length
Foot
82.1%
Temperature
Fahrenheit
78.4%
Time
Hour
78.3%
Time
Week
76.3%
Temperature
Kelvin
76%
Time
Year
76%
Length
Mile
75.5%
Mass
Pound
74.1%
Amount of Substance
Mole
73.6%
Length
Metre
71.2%
Length
Centimetre
70.2%
Length
Millimetre
69.8%
Mass
Kilogram
67%
Measurement
Unit
% Correct
Angle
Radian
63.3%
Mass
Tonne
63.2%
Volume (Imperial)
Litre
61.6%
Mass
Ounce
51.2%
Pressure
Atmosphere
48.9%
Energy
Calorie
44.3%
Length
Light Year
39.4%
Volume (Imperial)
Pint
36%
Area
Square Mile
35.6%
Area
Hectare
28%
Pressure
Millimetre Mercury
19%
Length
Cubit
5.9%
Volume (Imperial)
Cubic Foot
2.1%
Quiz Playlist
Details
Report
Send in Message
Add To Playlist
Classic:
Type in answers that appear in a list
Forced Order:
Answers have to be entered in order
Random Order:
Randomize order of answers
Quiz Source
Last Updated: Feb 16, 2017
Editor Pick in
Science
Quiz Scoreboard
CHALLENGE
Sign Up to Join the Scoreboard
Show All
Scores
Hide
Comments
May contain spoilers
Recently Published
1-10 Letter E Words III
by El_Dandy
Language
2m
One Thing in Common: World Cities II
by knightlancer
Geography
7m
Popular People in 1961
by mucciniale
History
6m
More to Explore
Quiz From the Vault
Featured Blog Post
Where Did the Easter Bunny Come From?
hide this ad
You Might Also Like...
Tags
Conversion
measurement
Numerical
unit
Today's Top Quizzes in Science
Browse Science
hide this ad
Today's Top Quizzes in unit
Browse unit
Top Contributed Quizzes in Science
1
One Thing in Common: Science
2
One Thing in Common: Science III
3
Quick Pick: Radians
4
Sporcle Puzzle Hunt: Science
5
Quick Pick: 'CI-CJ' Animals
6
One Thing in Common: Science II
7
Square Numbers Scrambled (1-50)
8
Elements In Images
9
Click the Parts of an Plant Cell
10
Glycolysis
Explore More
Trending Topics
NBA
Harry Potter
Crossword
Marvel
Anime
Disney
Kpop
Pokémon
Country
Song
WWE
Puzzle
NFL
Soccer
The Office
hide this ad
More By:
Speenatch
Quiz
Plays
Rating
Category
Featured
Created
Super Smash Bros Characters a la Kirby
4,048
4.07
Gaming
Nov 22, 2009
Glee Solos - Season 2
3,883
3.92
Entertainment
Jan 31, 2011
Glee Solos - Season 1
2,379
4.63
Entertainment
Oct 4, 2010
Glee Intros 4
2,057
4.20
Entertainment
Aug 17, 2010
Villain Songs (Broadway)
2,032
2.40
Entertainment
Mar 6, 2010
Go to Creator's Profile
Score Distribution
Quiz Creator Spotlight
Speenatch
Follow
Send a Message
Quizzes Created
-
Created Quiz Play Count
-
More By This Creator
Popular Quizzes Today
1
Find the US States - No Outlines Minefield
2
The Countries of the World
3
Find the Countries of Europe - No Outlines Minefield
4
Popular People in 1961
5
1-10 Letter E Words III
6
Find the US States
7
One Thing in Common: World Cities II
8
US States
More Science Quizzes
Marsupials or Amphibians?
Editor's Pick
Trending Quizzes
Risky Map Clicking: Least Populous States A-Z
1-10 Letter F Words
1-10 Letter G Words
One Thing in Common: United Kingdom
Risky Map Clicking: Next State Alphabetically
Recently Updated
Leaping Animals
pecheneg
Reality TV Shows (A-Z)
bhenderson79
Rickey Henderson's Hall of Fame Teammates
pecheneg
Champions League XIs: Arsenal
pecheneg
Quick Pick: Celebrities in WWE's Hall of Fame
aduchscher
A-Z Keypad Blitz II
pecheneg
Multiple Oscar Actors
pecheneg
Mystery Phrase Blitz: Oscar 'Best Actors'
pecheneg
F. Scott Fitzgerald Novels
LTH
Pick 3 Villains
ddd62291
Trending Topics
Marvel
Anime
Disney
NBA
Harry Potter
Crossword
Kpop
Puzzle
Song
Soccer
NFL
Country
Pokémon
WWE
The Office
Your Account Isn't Verified!
In order to create a playlist on Sporcle, you need to verify the email address you used during registration. Go to your
Sporcle Settings
to finish the process.
Report this User
Report this user for behavior that violates our
Community Guidelines
.
Details:
Send Report
Go to the Sporcle.com Mobile Site →
Comments